Responses for show #7038 - Wednesday, April 1, 2015

Michael Bilow game 4.
Kerry Greene game 1.

Contestants

Max Henkel, a project manager from Madison, Wisconsin

Kerry Greene, a volunteer guardian ad litem from Manchester, New Hampshire

Michael Bilow, a Ph.D. student in computer science originally from Chicago, Illinois (whose 3-day cash winnings total $96,000)

Jeopardy! Round responses

THE CIVIL WAR YEARS
WE'RE GONNA "MOON" YOU!
OCCUPATIONAL THERAPY
(Alex: Next, in honor of [*] Month, a whole category on that subject.)
NICKNAMES
BODY
SOUL
    $200 16
horses

Michael
    $200 6
a honeymoon

Kerry
    $200 26
work

Kerry
    $200 15
the FBI

Max
    $200 1
the trachea

Kerry
    $200 21
James Brown

Max
    $400 17
(Kerry: What is Texas?)

Arizona

MichaelKerry
    $400 7
moonshine

Michael
    $400 27
splints

Max
    $400 11
Liverpool

Max
    $400 2
(Michael: What is the tricuspid valve?)

the mitral valve

MichaelKerry
    $400 22
(Michael: Who are The Supremes?)

The Miracles

Michael
Triple Stumper
    $600 18
(Max: What is Congress?)
...
(Alex: Atop [*]. We don't refer to it as "the Congress building".)

the Capitol building

Max
Triple Stumper
    $600 8
a moon jellyfish (moon jelly accepted)

Michael
    $600 28
127 Hours

Max
    $600 12
"Old Ironsides"

Kerry
    $600 3
the retina

Michael
    $600 23
(Aretha) Franklin

Michael
    $800 19
the Pony Express

Michael
    $800 9
harvest moon

Kerry
    $800 29
daily life

Kerry
    $800 13
the Borscht Belt

Michael
    $800 4
(Michael: What is the large intestine?)

the small intestine

MichaelKerry
    $800 24
Memphis

Michael
    $1000 20
Appomattox

Michael
    $1000 10
the moonstone

Max
    $1000 30
(Alex: An unusual word--"cacography"--bad [*].)

handwriting

Triple Stumper
    $1,200 14
Muddy Waters

Michael
    $1000 5
(Alex: Hey, you know your medical stuff. Well done.)

the adenoids

Kerry
    $1000 25
Ike Turner

Max

Scores at the first commercial break (after clue 15):

Michael Kerry Max
$2,400 $4,000 $1,600

Scores at the end of the Jeopardy! Round:

Michael Kerry Max
$5,800 $4,600 $3,200

Double Jeopardy! Round responses

METEOROLOGY
10-LETTER WORDS
KAZAKHSTAN
NOVELS
INTERRED IN THE PANTHEON IN PARIS
SINGLE MOMS ON TV
    $400 6
lightning

Michael
    $400 12
(Michael: What is compilation?)

encryption

MichaelMax
    $400 30
the Space Race

Michael
    $400 11
(Kerry: What is, uh, [*]?)
(Alex: "Who is [*]?" Correct.)

Margaret Mitchell

Kerry
    $400 29
(Louis) Braille

Kerry
    $400 17
Shirley Jones

Kerry
    $800 10
(Alex: You know it better as [*]. We like to simplify things.)

a warm front

Triple Stumper
    $800 13
Tenderfoot

Michael
    $800 5
Borat

Kerry
    $800 1
Gone Girl

Kerry
    $800 28
(Kerry: What are ashes? What are their ashes?)
(Max: Um... what are their arms?)

their hearts

KerryMax
Triple Stumper
    $800 18
(Max: What is Everybody Loves Raymond?)
(Michael: What is Everybody Loves Ray?)
...
(Alex: This series was earlier on--[*].)

One Day at a Time

MichaelMax
Triple Stumper
    $1200 9
a radar

Kerry
    $1200 14
a magistrate

Max
    $1200 22
1991

Michael
    $1200 2
Life of Pi

Kerry
    $1200 27
the Curies

Max
    $1200 19
[ERRATUM: The character's name is "Lorelai", not "Lorelei".]

Lauren Graham

Michael
    $4,000 7
(Michael: What is Apache?)

Chinook

Michael
    $1600 15
a seersucker

Kerry
    $1600 23
the Caspian Sea

Max
    $1600 3
A Connecticut Yankee in King Arthur's Court

Max
    $4,200 25
(Michael: Who is Rousseau?)
(Alex: No, you picked the wrong one. "Who is [*]?" [*], and we have less than a minute to go now.)

Voltaire

Michael
    $1600 20
Marilu Henner

Kerry
    $2000 8
(Michael: What are depressions?)

cyclones

Michael
Triple Stumper
    $2000 16
a juggernaut

Triple Stumper
    $2000 24
Astana

Michael
    $2000 4
Sister Carrie

Max
    $2000 26
(Michael: What is the SS?)

the Gestapo

Michael
Triple Stumper
    $2000 21
Grace Under Fire

Triple Stumper

Scores at the end of the Double Jeopardy! Round:

Michael Kerry Max
-$1,600 $12,200 $9,600

[wagering suggestions for these scores]

Final Jeopardy! Round responses

ETYMOLOGY
(Alex: And the famous example refers to the U.S. Constitution, of course.)
MaxWhat is preamble?
$3,000
KerryWhat is preamble?
$7,001
preamble

Final scores:

Michael Kerry Max
-$1,600 $19,201 $12,600
3rd place: $1,000 New champion: $19,201 2nd place: $2,000

Game dynamics:

Coryat scores:

Michael Kerry Max
$6,400 $12,200 $9,600
17 R
(including 1 DD),
9 W
(including 2 DDs)
18 R,
2 W
13 R,
3 W

Combined Coryat: $28,200

The J! Archive is created by fans, for fans. The Jeopardy! game show and all elements thereof, including but not limited to copyright and trademark thereto, are the property of Jeopardy Productions, Inc. and are protected under law. This website is not affiliated with, sponsored by, or operated by Jeopardy Productions, Inc. Join the discussion at JBoard.tv.